Metodyka marketingu wewnetrznego.

R. Likert, zástanca participačnej teórie riadenia. Guy Serraf, autor metodiky vnútorného marketingu. Tri fázy pokračovania vnútorného marketingu a ich charakteristiky podľa G. Serrafa. Rozdelenie funkcií vo vnútornom marketingu podľa J. Dufera.

Guardado en:
Detalles Bibliográficos
Autor principal: Martyniak, Z.
Formato: Capítulo de libro
Lenguaje:polaco
Materias:
Etiquetas: Agregar Etiqueta
Sin Etiquetas, Sea el primero en etiquetar este registro!

MARC

LEADER 00000naa a2200000 4500
001 r009783
005 20221125122518.5
041 0 |a pol 
044 |a PL 
245 1 0 |a Metodyka marketingu wewnetrznego.  |c Z. Martyniak 
520 |a R. Likert, zástanca participačnej teórie riadenia. Guy Serraf, autor metodiky vnútorného marketingu. Tri fázy pokračovania vnútorného marketingu a ich charakteristiky podľa G. Serrafa. Rozdelenie funkcií vo vnútornom marketingu podľa J. Dufera. 
610 2 0 |a marketing 
610 2 0 |a riadenie podnikové 
610 2 0 |a prieskum trhu 
610 2 0 |a prieskum odbytový 
610 2 0 |a stratégia podniková 
100 1 |a Martyniak, Z.